<?xml version="1.0" encoding="UTF-8"?>
<record
    xmlns:xsi="http://www.w3.org/2001/XMLSchema-instance"
    xsi:schemaLocation="http://www.loc.gov/MARC21/slim http://www.loc.gov/standards/marcxml/schema/MARC21slim.xsd"
    xmlns="http://www.loc.gov/MARC21/slim">

  <leader>01045nam a22002537a 4500</leader>
  <controlfield tag="003">DO-SdBNP</controlfield>
  <controlfield tag="005">20260429123224.0</controlfield>
  <controlfield tag="007">ta</controlfield>
  <controlfield tag="008">110301s2019    dr d          000 0 spa d</controlfield>
  <datafield tag="020" ind1=" " ind2=" ">
    <subfield code="a">9789945914184</subfield>
  </datafield>
  <datafield tag="040" ind1=" " ind2=" ">
    <subfield code="a">DO-SdBNP</subfield>
    <subfield code="b">spa</subfield>
    <subfield code="c">BNPHU</subfield>
  </datafield>
  <datafield tag="082" ind1=" " ind2="4">
    <subfield code="a">xxxx</subfield>
    <subfield code="b">xxx</subfield>
  </datafield>
  <datafield tag="245" ind1="1" ind2="0">
    <subfield code="a">Implementaci&#xF3;n del presupuesto participativo en el marco de la ley No. 176-07 /</subfield>
  </datafield>
  <datafield tag="246" ind1=" " ind2=" ">
    <subfield code="a">Informe sobre Implementaci&#xF3;n del presupuesto participativo en el marco de la ley No. 176-07 /</subfield>
  </datafield>
  <datafield tag="260" ind1=" " ind2=" ">
    <subfield code="a">Santo Domingo :</subfield>
    <subfield code="b">Participaci&#xF3;n Ciudadana, </subfield>
    <subfield code="b">B&#xFA;ho,</subfield>
    <subfield code="c">2019.</subfield>
  </datafield>
  <datafield tag="300" ind1=" " ind2=" ">
    <subfield code="a">105 p. :</subfield>
    <subfield code="b">graf.</subfield>
    <subfield code="c">28 cm.</subfield>
  </datafield>
  <datafield tag="500" ind1=" " ind2=" ">
    <subfield code="a">&#xC1;mbito de intervenci&#xF3;n: Municipios de San Crist&#xF3;bal, Ban&#xED;, Azua de Compostela, San Jos&#xE9; de Ocoa, San Juan de la Maguana y Barahona. </subfield>
  </datafield>
  <datafield tag="500" ind1=" " ind2=" ">
    <subfield code="a">Proyecto: "Promoviendo la participaci&#xF3;n ciudadana, la veedur&#xED;a social e incidencia en la gesti&#xF3;n local".</subfield>
  </datafield>
  <datafield tag="504" ind1=" " ind2=" ">
    <subfield code="a">Bibliograf&#xED;a p: 103-105</subfield>
  </datafield>
  <datafield tag="590" ind1=" " ind2=" ">
    <subfield code="a">Inventariado, 2022/ YL</subfield>
  </datafield>
  <datafield tag="650" ind1="2" ind2="0">
    <subfield code="a">Participaci&#xF3;n pol&#xED;tica</subfield>
    <subfield code="9">456</subfield>
  </datafield>
  <datafield tag="910" ind1=" " ind2=" ">
    <subfield code="a">YLockward</subfield>
  </datafield>
  <datafield tag="942" ind1=" " ind2=" ">
    <subfield code="2">ddc</subfield>
    <subfield code="c">LBS1</subfield>
  </datafield>
  <datafield tag="952" ind1=" " ind2=" ">
    <subfield code="0">0</subfield>
    <subfield code="1">0</subfield>
    <subfield code="2">ddc</subfield>
    <subfield code="5">1</subfield>
    <subfield code="7">0</subfield>
    <subfield code="8">PD</subfield>
    <subfield code="a">BNPHU</subfield>
    <subfield code="b">BNPHU</subfield>
    <subfield code="c">HD</subfield>
    <subfield code="d">2019-10-18</subfield>
    <subfield code="e">Editora B&#xFA;ho</subfield>
    <subfield code="l">0</subfield>
    <subfield code="o">xxxx xxx</subfield>
    <subfield code="p">2022-2772</subfield>
    <subfield code="r">2022-06-07</subfield>
    <subfield code="w">2022-06-07</subfield>
    <subfield code="y">LBS1</subfield>
  </datafield>
  <datafield tag="952" ind1=" " ind2=" ">
    <subfield code="0">0</subfield>
    <subfield code="1">0</subfield>
    <subfield code="2">ddc</subfield>
    <subfield code="5">1</subfield>
    <subfield code="7">0</subfield>
    <subfield code="8">PD</subfield>
    <subfield code="a">BNPHU</subfield>
    <subfield code="b">BNPHU</subfield>
    <subfield code="c">HD</subfield>
    <subfield code="d">2019-10-18</subfield>
    <subfield code="e">Editora B&#xFA;ho</subfield>
    <subfield code="l">0</subfield>
    <subfield code="o">xxxx xxx</subfield>
    <subfield code="p">2022-2773</subfield>
    <subfield code="r">2022-06-07</subfield>
    <subfield code="t">e. 2</subfield>
    <subfield code="w">2022-06-07</subfield>
    <subfield code="y">LBS1</subfield>
  </datafield>
  <datafield tag="952" ind1=" " ind2=" ">
    <subfield code="0">0</subfield>
    <subfield code="1">0</subfield>
    <subfield code="2">ddc</subfield>
    <subfield code="5">6</subfield>
    <subfield code="7">0</subfield>
    <subfield code="8">PD</subfield>
    <subfield code="a">BNPHU</subfield>
    <subfield code="b">BNPHU</subfield>
    <subfield code="c">HD</subfield>
    <subfield code="d">2019-10-18</subfield>
    <subfield code="e">Editora B&#xFA;ho</subfield>
    <subfield code="l">0</subfield>
    <subfield code="o">xxxx xxx</subfield>
    <subfield code="p">2022-2774</subfield>
    <subfield code="r">2022-06-07</subfield>
    <subfield code="t">e. 3</subfield>
    <subfield code="w">2022-06-07</subfield>
    <subfield code="y">LBS1</subfield>
  </datafield>
  <datafield tag="999" ind1=" " ind2=" ">
    <subfield code="c">51946</subfield>
    <subfield code="d">51946</subfield>
  </datafield>
</record>
